00434nam a2200145Ia 4500008004100000020001800041041000800059082001600067100001900083245009600102250000600198260006100204300001400265650000900279210716s2007 xx 000 0 und d a9780070659490 aeng a005.14 JONC aJones, Capers. aEstimating software costs: bringing realism to estimating.bBringing realism to estimating. a2 aNew DelhibTata McGraw Hill Publishing Company Ltdc2007 axxvii,653 aNone